000 00568nam a2200193Ia 4500
005 20250508165117.0
008 008 250505s9999 xx 000 0 hin d
037 _aDissertations
040 _aFEDL
_beng
_cFEDL
041 _ahin
_2eng
084 _a371.76, MEE/DI
_qFEDL
100 _aMeena Sunita Bai
_9779914
245 0 _aSheershak - Baalako ki manovigyanik duniya me khel ki bhumika
260 _c2011
300 _a106p.
546 _aM. Ed. Dissertation, (Delhi University)
942 _cDIS
_h371.76, MEE/DI
999 _c1393228
_d1393228